Algunas pruebas reactivas en la hipertensión arterial / (Record no. 128003)

MARC details
000 -LEADER
campo de control de longitud fija 00600nam a2200169 4500
001 - NÚMERO DE CONTROL
campo de control 128003
003 - IDENTIFICADOR DE NÚMERO DE CONTROL
campo de control ES-MaACL
005 - FECHA Y HORA DE LA ÚLTIMA TRANSACCIÓN
campo de control 20230906193133.0
007 - CAMPO FIJO DE DESCRIPCIÓN FÍSICA--INFORMACIÓN GENERAL
campo de control de longitud fija t|
008 - DATOS DE LONGITUD FIJA--INFORMACIÓN GENERAL
campo de control de longitud fija 070214s1962 sp r ||||1| spa d
100 1# - ENTRADA PRINCIPAL--NOMBRE DE PERSONA
Nombre de persona Ríos Pérez, Victoriano.
9 (RLIN) 97391
245 10 - MENCIÓN DEL TÍTULO
Título Algunas pruebas reactivas en la hipertensión arterial /
Mención de responsabilidad, etc. Victoriano Ríos Pérez.
260 ## - PUBLICACIÓN, DISTRIBUCIÓN, ETC.
Lugar de publicación, distribución, etc. Tenerife :
Nombre del editor, distribuidor, etc. Instituto de Fisiología y Patología Regionales,
Fecha de publicación, distribución, etc. 1962.
300 ## - DESCRIPCIÓN FÍSICA
Extensión 101 p. :
Otras características físicas il. ;
Dimensiones 21 cm.
710 2# - ENTRADA AGREGADA--NOMBRE DE ENTIDAD CORPORATIVA
Nombre de entidad corporativa o nombre de jurisdicción como elemento de entrada Instituto de Fisiología y Patología Regionales de Tenerife.
9 (RLIN) 4737
852 ## - LOCALIZACIÓN
Ubicación ES-MaACL
Número de control de estantería C-21406
Sublocalización o colección R.49910
Holdings
Estatus retirado Estado de pérdida Estado de daño No para préstamo Biblioteca de origen Biblioteca actual Ubicación en estantería Fecha de adquisición Fuente de adquisición Total de préstamos Signatura topográfica completa Código de barras Visto por última vez Precio de reemplazo Tipo de ítem Koha
        Biblioteca del Ateneo de Madrid Biblioteca del Ateneo de Madrid Galería 17/01/2008     C-21406 1133318 23/02/2023 23/02/2023 Libro impreso